01539nam a2200157 a 450000100100000000500170001000800410002702000150006804000250008308200190010824500270012726000350015430000610018950510860025065000450133600002238920200930011716.0101007s2000 sp abc e 000 0 spa d a8483321165 aDO-SdBNPbspacBNPHU aR 036.1bG748r00aGran referencia Anaya. aBarcelona :bBiblograf,c2000. av. :bil., map., retrs. ;c29 cm.e2 CD ROM + 2 folletos0 gv. 1.tA cappella - ananásgv. 2tAnand, Vishwanathan-Augustenborggv. 3tAugustín y Dávila, Basilio - Bohodón, elgv. 4.tBohonal de Ibor - carpe diemgv. 5tCarpeaux, Jean-Baptiste - colágenogv. 6tColapso-descimbramientogv. 7tDesclot, Bernat - Eslava, Miguel Hilarióngv. 8tEslava, Sebastián de - Fitogeografíagv. 9tFitohormonas - Giroscopiogv. 10tGiroteodolito - Homenajegv. 11tHomeopatía - Jamesone, Georgiagv. 12.tJamete, Esteban - Lippmann, Waltergv. 13tLipschitz, Rudolf - Medranogv. 14tMedrano, Antonio - Mutismogv. 15tMutriku - Ovegénesisgv. 16tOvónica-polaquiuriagv. 17tPolar, estrella-rescisióngv. 18tResedáceas-Schollaert, Frans Victortv. 19gSchömberg, de-Tavastehustv. 20tTavera, Juan Pardo de-Valderadueygv. 21tValderas-Zygmund, Antonigv. 22tÍndice analítico alfabético, a cappella-zywnygv. 23tLéxico, a-cordóngv. 24tLéxico, cordoncillo-infanticidiogv. 25tLéxico, infantil-quórumgv. 26tLéxico, r-zutanogv.27tOrdenador de consulta (CD-ROM)gv.28tDiccionario multilingue (CD-ROM) 4aEnciclopedias y diccionarios españoles